América Latina y la crisis Centroamérica en busca de una solución regional
Saved in:
| Hovedforfatter: | |
|---|---|
| Format: | Bog |
| Sprog: | spansk |
| Udgivet: |
Buenos Aires
Grupo Latinoamericano
1988
|
| Serier: | Estudios Internacionales
|
| Fag: | |
| Tags: |
Tilføj Tag
Ingen Tags, Vær først til at tagge denne postø!
|
MARC
| LEADER | 00000nam a2200000 a 4500 | ||
|---|---|---|---|
| 001 | UCX1939 | ||
| 003 | CL-VaPUC | ||
| 008 | 901203e19880000AG |||||||||||||||||spa|d | ||
| 082 | 0 | 4 | |a 327 |b EGU |2 21 |
| 100 | 0 | |a Eguizábal, Cristina |e author |9 317654 | |
| 245 | 1 | 0 | |a América Latina y la crisis Centroamérica en busca de una solución regional |
| 300 | |a 281 p | ||
| 942 | |c BK | ||
| 945 | |d 19901203 00:00:00 | ||
| 260 | |a Buenos Aires |b Grupo Latinoamericano |c 1988 | ||
| 650 | 0 | |a Política exterior |9 316628 | |
| 650 | 7 | |a RELACIONES ECONOMICAS EXTERIORES |2 CL-VaPUC |9 259071 | |
| 651 | 0 | |a América Latina |9 255027 | |
| 583 | |a last modification |c 19901203 00:00:00 |k Rodrigo Vera | ||
| 490 | 0 | |a Estudios Internacionales | |
| 999 | |c 223066 |d 223064 | ||
| 952 | |0 0 |1 0 |4 0 |6 327_000000000000000_EGU_1988 |7 0 |8 A |9 218501 |a BIBGIM |b BIBGIM |d 2019-11-15 |i 2873192 |o 327 EGU 1988 |p 2873192 |r 2025-01-15 |w 2019-11-15 |y BK |k SSL | ||
| 952 | |0 0 |1 0 |4 0 |6 327_000000000000000_EGU_1988 |7 0 |8 A |9 218502 |a BIBHIS |b BIBHIS |d 2019-11-15 |i 1208861 |o 327 EGU 1988 |p 1208861 |r 2025-01-20 |w 2019-11-15 |y BK |k HIS | ||